О действии хлорангидрида триметиленкарбоновой кислоты на бензол в присутствии AlCl3; Журнал Русского физико-химического общества. Часть химическая; Т. 43

التفاصيل البيبلوغرافية
Parent link:Журнал Русского физико-химического общества. Часть химическая
Т. 43.— 1911.— С. 1163-1173
المؤلف الرئيسي: Кижнер Н. М. Николай Матвеевич
اللغة:الروسية
منشور في: 1911
الموضوعات:
التنسيق: فصل الكتاب
KOHA link:https://koha.lib.tpu.ru/cgi-bin/koha/opac-detail.pl?biblionumber=591258

MARC

LEADER 00000naa0a2200000 4500
001 591258
005 20250127133852.0
035 |a (RuTPU)RU\TPU\tpu\1390 
035 |a TPU00001390 
090 |a 591258 
100 |a 20011210d1911 k||y0rusy50 ca 
101 0 |a rus 
102 |a RU 
200 1 |a О действии хлорангидрида триметиленкарбоновой кислоты на бензол в присутствии AlCl3  |f Н. М. Кижнер 
461 |t Журнал Русского физико-химического общества. Часть химическая 
463 |t Т. 43  |v С. 1163-1173  |d 1911 
610 1 |a химические науки 
610 1 |a труды учёных ТПУ 
700 1 |a Кижнер  |b Н. М.  |c профессор  |c химик  |f 1867-1935  |g Николай Матвеевич  |3 (RuTPU)RU\TPU\pers\5692 
801 0 |a RU  |b 63413507  |c 20011210  |g PSBO 
801 2 |a RU  |b 63413507  |c 20051201  |g PSBO 
942 |c CR